000 00762nam a22002657a 4500
001 BR9301343
003 BR-BrBNA
005 20230928093854.0
007 ta
008 230509b bl.||||| |||| 00| 0 por d
040 _aBR-BrBNA
_bpor
_cBiblioteca Nacional de Agricultura
041 _aSummaries (Eng, Por)
072 _aE70; E21
_b2760
090 _ 2760 BR9301343
110 1 _aAssociacao Brasileira da Industria do Fumo, Rio de Janeiro, RJ (Brasil)
_9189
245 1 _aPerfil da industria do fumo, 1993
260 3 _aRio de Janeiro, RJ (Brasil):
_c1993.
300 _a23 p.
650 _aFumo
650 _aIndustria Agricola
650 _aComercio Interno
650 _aComercio Exterior
909 _a202309
_bLucia
_c55
_dLucia Elande
942 _cBK
999 _c47619
_d47619